Robustné riadenie dynamických systémov : dát. obhaj. 27.9.2013, č. ved. odb. 9-2-7

Saved in:
Bibliographic Details
Main Author: Holič, Ivan, 1984- (Author)
Other Authors: Rosinová, Danica (Thesis advisor)
Format: Manuscript Book
Language:Slovak
Published: Bratislava : STU v Bratislave FEI, 2013
Subjects:
Online Access:VAIS
Tags: Add Tag
No Tags, Be the first to tag this record!

MARC

LEADER 00000ntm a22000003a 4500
001 stu275242
005 20160526124244.3
008 131001s2013----xo------------------slo-d
040 |a STU  |b slo 
041 0 |a slo 
044 |a xo 
100 1 |a Holič, Ivan,  |d 1984-  |4 aut  |u E400  |U FEI Fakulta elektrotechniky a informatiky  |T FEI Ústav automobilovej mechatroniky  |X 11396  |U E400  |Y 642  |7 A000011396 
242 0 0 |a Robust control of dynamical system  |y eng 
245 1 |a Robustné riadenie dynamických systémov :  |b dát. obhaj. 27.9.2013, č. ved. odb. 9-2-7 
260 |a Bratislava :  |b STU v Bratislave FEI,  |c 2013 
300 |a 119 s  |c CD-ROOM 
650 7 |a kybernetika  |2 stusub 
650 7 |a Cybernetics  |2 estusub 
700 1 |a Rosinová, Danica  |4 ths  |u E010  |T FEI Ústav riadenia a priemyselnej informatiky  |X 4938  |U E010  |Y E010  |7 A000004938 
856 4 |a info a plný text  |u http://is.stuba.sk/zp/portal_zp.pl?podrobnosti=72465  |3 VAIS 
996 |b 284ED01432  |c E*ZP-296  |l EE01  |s A  |a 24  |w stu275242_0001